| 000 | 01444nam a22002897a 4500 | ||
|---|---|---|---|
| 001 | 6811 | ||
| 003 | FISKH | ||
| 005 | 20250529103731.0 | ||
| 008 | 250529b cb ||||| |||| 00| 0 eng d | ||
| 020 | _a9781584768227 | ||
| 040 |
_aFISKH _beng _cFISKH _dFISKH |
||
| 050 | _aPZ7 | ||
| 082 | _a808.3 | ||
| 100 | _aGaydos, Nora | ||
| 245 |
_aNir! read it, write it, draw it : _bThe bus stop / _cWritten by Nora Gaydos ; Illustrated by Nick Diggory |
||
| 260 |
_aNorwalk : _bInnovative Kids, _c2008. |
||
| 300 |
_a32 pages : c _bolor illustrations ; _c23 cm |
||
| 490 |
_aNow i'm reading : _vLevel 1 |
||
| 505 | _aG | ||
| 520 | _aThis extension of the award-winning, best-selling series by acclaimed author, Nora Gaydos, engages kids in an entertaining, hands-on reading, writing, and drawing experience! Includes more than 20 stickers. Level 1 - The Reading section mixes short-vowel words, sight word reinforcement, simple sentences, and strong picture clues. The Writing section teaches penmanship, spelling reinforcement, simple word recognition and builds comprehension. The Drawing section allows coloring in pre-existing scenes and creative expression.In the Bus Stop, Duck finds some messy ways to pass the time while waiting for the bus. | ||
| 521 | 8 |
_a300
_bLexile estimate |
|
| 521 | 8 |
_aG
_bRaz-Plus |
|
| 650 |
_aBus _vAnimals |
||
| 700 |
_aDiggory, Nick _eillustrator |
||
| 942 |
_2ddc _cBK _n0 |
||
| 999 |
_c6811 _d6811 |
||